000 00817nmc a2200301 a 4500
003 AR-BaBNM
005 20251128203632.0
008 156119s1966 ||||||||||||||000 | spa||
040 _cAR-BaBNM
100 1 _aFernández de Moratín, Leandro
245 1 0 _aEl sí de las niñas
250 _a2ª ed.
260 _aBuenos Aires
_bHuemul
_c1966
300 0 _a116 p.
490 0 _aClásicos Huemul
_vv. 35
500 0 _aContiene vocabulario en p. 111-115
650 4 _aLITERATURA ESPANOLA
650 4 _aTEATRO
650 4 _aANALISIS LITERARIO
653 0 _aENSENANZA DE LA LITERATURA
653 0 _aEDUCACION SECUNDARIA
653 0 _aNEOCLASICISMO
655 _aLITERATURA
700 1 _aTarruella, Alfredo
_eprologuista
800 1 _aPellegrini, Juan Carlos
_edirector
942 _cBK
998 _cisola
999 _c4260
_d4260